| 000 | 00871nam a2200265Ia 4500 | ||
|---|---|---|---|
| 003 | OSt | ||
| 005 | 20221005043357.0 | ||
| 006 | a|||||r|||| 00| 0 | ||
| 007 | ta | ||
| 008 | 221004b |||||||| |||| 00| 0 eng d | ||
| 020 |
_a0810110571 (hbk) _c3662.25 |
||
| 024 | _a96368 | ||
| 037 |
_bG-4363, 16/02/2009, Manohar Publisher & Distributors _cTextual |
||
| 040 |
_aCRL _cCRL _beng |
||
| 041 |
_2eng _aeng |
||
| 082 | _aV678.M20, N2(906) | ||
| 100 |
_aWarburg Gabriel R. _9116156 |
||
| 245 | 0 | _aHistorical discord in the Nile valley | |
| 260 |
_aEvanston _bNorthwestern University Press Hong Kong _c1992 |
||
| 300 |
_axvii, 210p. _ccm. |
||
| 650 |
_a SUDAN - HISTORY _9175485 |
||
| 650 | _aHISTORY | ||
| 942 |
_hV678.M20, N2(906) _cTEXL _2cc |
||
| 999 |
_c951743 _d951743 |
||